• 首页
  • 本馆介绍
  • 公告通知
  • 最新文献
  • 馆藏检索
  • 电子资源
  • 读者导购
  • 参考咨询
  • 我的图书馆
  • 登录
  • 详细信息显示
  • 放入我的书架
  • 预约/预借图书
  • 作者相关作品
  • 分类相关作品
  • 丛书相关作品
  • 出版社相关作品

书目信息

  • 表格格式
  • 工作单格式
  • 卡片格式
题名:
大众体育理论分析与多元发展研究
    
 
作者: 牛建军 著
分册:  
出版信息: 北京   中国水利水电出版社  2017.7
页数: 309页
开本: 24cm
丛书名:
单 册:
中图分类: G811.4
科图分类:
主题词: 群众体育--研究
电子资源:
ISBN: 978-7-5170-5405-4
000 01183nam0 2200265 45
001 489734
005 20140818105144.0
010    @a978-7-5170-5405-4@dCNY68.00
099    @aCAL 012017136242
100    @a20170818d2017 em y0chiy0110 ea
101 0  @achi
102    @aCN@b110000
105    @aak a 000yy
106    @ar
200 1  @a大众体育理论分析与多元发展研究@Ada zhong ti yu li lun fen xi yu duo yuan fa zhan yan jiu@f牛建军著
210    @a北京@c中国水利水电出版社@d2017.7
215    @a309页@c图@d24cm
320    @a有书目 (第308-309页)
330    @a本书是在对大众体育进行长期研究、搜集大量相关资料的基础上撰写的,并借鉴参考了诸多学者的相关研究,是关于大众体育发展的科学成果。本书首先对大众体育的基本理论进行了分析,接着对大众体育的多元发展进行了全面的探讨,分别对社区体育、家庭体育、休闲体育、保健体育、健身健美体育这五个维度的大众体育进行了深入的研究。最后,则对不同人群参与大众体育的理论与发展进行了研究,包括儿童少年、青年、中老年、女性、残障人群等的大众体育。
333    @a体育研究人员及相关读者。
606 0  @a群众体育@x研究
690    @aG811.4@v5
701  0 @a牛建军@Aniu jian jun@4著
801    @aCN@b江苏凤凰@c20211018
905    @b1356160-2@dG811.4@e106@f3
    
    大众体育理论分析与多元发展研究/牛建军著.-北京:中国水利水电出版社,2017.7
    309页:图;24cm
    使用对象:体育研究人员及相关读者。
    
    ISBN 978-7-5170-5405-4:CNY68.00
    本书是在对大众体育进行长期研究、搜集大量相关资料的基础上撰写的,并借鉴参考了诸多学者的相关研究,是关于大众体育发展的科学成果。本书首先对大众体育的基本理论进行了分析,接着对大众体育的多元发展进行了全面的探讨,分别对社区体育、家庭体育、休闲体育、保健体育、健身健美体育这五个维度的大众体育进行了深入的研究。最后,则对不同人群参与大众体育的理论与发展进行了研究,包括儿童少年、青年、中老年、女性、残障人群等的大众体育。
●
相关链接 在E读中查询图书 在五车中查询图书 在当当中查询图书 在豆瓣中查询图书


正题名:大众体育理论分析与多元发展研究     索取号:G811.4/106         预约/预借

序号 登录号 条形码 馆藏地/架位号 状态 备注
1 1356160   213561607   第一样本阅览室/ [索取号:G811.4/106] 在馆    
2 1356161   213561616   第四借阅区/ [索取号:G811.4/106] 在馆    
3 1356162   213561625   第四借阅区/ [索取号:G811.4/106] 在馆    
唐山师范学院图书馆 欢迎您!
大连网信软件有限公司© 版权所有